Verbs French English (les indispensables) - Statistiques

Statistiques générales
  • Ce quiz a été pris 156 fois
    69 depuis la dernière actualisation
  • Le résultat moyen est 28 sur 30
Statistiques - réponses
Français Anglais % Correct
être to b{e}
100%
venir to c{ome}
100%
aller to g{o}
100%
savoir to k{now}
100%
aimer to l{ove}
100%
lire to r{ead}
100%
voir to s{ee}
100%
manger to e{at}
98%
avoir to h{ave}
98%
courir to r{un}
98%
dormir to s{leep}
98%
laver to w{ash}
98%
écrire to w{rite}
98%
faire to d{o}
96%
écouter to l{isten}
96%
envoyer to s{end}
96%
comprendre to u{nderstand}
96%
vouloir to w{ant}
96%
garder to k{eep}
94%
danser to d{ance}
93%
dessiner to d{raw}
93%
dire to s{ay}
93%
parler to t{alk}
93%
essayer to t{ry}
91%
rencontrer to m{eet}
90%
regarder to w{atch}
89%
ajouter to a{dd}
87%
espérer to h{ope}
85%
se souvenir to r{emember}
85%
pouvoir to c{an}
83%
apprécier to l{ike}
79%
souhaiter to w{ish}
75%
Aucun quiz correspondant
Distribution des résultats
% des personnes avec chaque résultat
Percentile par nombre de réponses
Votre historique - résultats
Vous n’avez pas pris ce quiz depuis la dernière actualisation